| 000 | 00999cam a22003131 4500 | ||
|---|---|---|---|
| 999 |
_c36575 _d36575 |
||
| 001 | 1699832 | ||
| 003 | ARRUPE | ||
| 005 | 20170530085406.0 | ||
| 008 | 740605s1967 nyuab j b 000 0 eng | ||
| 010 | _a 67024859 | ||
| 040 |
_aDLC _cDLC _dDLC |
||
| 042 | _alcac | ||
| 043 | _af------ | ||
| 050 | 0 | 0 |
_aDT20 _b.V53 1967 |
| 082 | 0 | 0 | _a960 |
| 100 | 1 |
_aVlahos, Olivia. _931599 |
|
| 245 | 1 | 0 |
_aAfrican beginnings. _cIllustrated by George Ford. |
| 260 |
_aNew York, _bViking Press _c[1967] |
||
| 300 |
_a286 p. _billus., maps. _c25 cm. |
||
| 504 | _aBibliography: p. [267]-277. | ||
| 520 | _aA cultural history of Africa as determined by the work of archaeologists and anthropologists. | ||
| 650 | 0 |
_aEthnology _zAfrica. _926228 |
|
| 650 | 1 |
_aEthnology _zAfrica. _926228 |
|
| 651 | 0 |
_aAfrica _xHistory. _931600 |
|
| 651 | 1 |
_aAfrica _xHistory. _931600 |
|
| 651 | 1 |
_aAfrica _xSocial life and customs. _931601 |
|
| 700 | 1 |
_aFord, George, _d1936- _931602 |
|
| 906 |
_a7 _bcbc _corignew _du _eocip _f19 _gy-gencatlg |
||
| 942 |
_2lcc _cMONOGRAPH |
||